[Event "Paris-ch op-A"]
[Site "Paris"]
[Date "2010.07.08"]
[Round "6"]
[White "Toubale, Kassem"]
[Black "Chaumont, Adeline"]
[Result "1-0"]
[WhiteElo "1935"]
[BlackElo "2029"]
[PlyCount "55"]
[EventDate "2010.07.03"]
[EventType "swiss"]
[EventRounds "9"]
[EventCountry "FRA"]
[SourceTitle "CBM 137 Extra"]
[Source "ChessBase"]
[SourceDate "2010.09.01"]
[SourceVersion "1"]
[SourceVersionDate "2010.09.01"]
[SourceQuality "1"]

1. e4 c6 2. Nc3 d5 3. Nf3 d4 4. Ne2 c5 5. c3 dxc3 6. bxc3 Nf6 7. Ng3 Qa5 8. Bc4 b5 9. e5 bxc4 10. exf6 exf6 11. Qe2+ Kd8 12. Qe4 Kc7 13. 0-0 Nc6 14. d4 cxd4 15. Nxd4 Bd7 16. Bf4+ Bd6 17. Bxd6+ Kxd6 18. Rfd1 Kc7 19. Nxc6 Bxc6 20. Qe7+ Kb6 21. Rab1+ Ka6 22. Rd6 Rab8 23. Rxc6+ Rb6 24. Rcxb6+ axb6 25. Qc7 b5 26. Qc6+ Qb6 27. Qxb6+ Kxb6 28. a4 1-0